[Event "5th EKA IIFL Investment 2019"]
[Site "Mumbai"]
[Date "2020.01.01"]
[Round "3.2"]
[White "Kaustuv, Kundu"]
[Black "Deepan Chakkravarthy J."]
[Result "0-1"]
[WhiteElo "2349"]
[BlackElo "2535"]
[Annotator "TA"]
[PlyCount "60"]
[EventDate "2019.12.30"]
[EventType "swiss"]
[EventCountry "IND"]
[SourceTitle "playchess.com"]
[Source "ChessBase"]
[SourceQuality "1"]

{[%evp 9,100,4,1,3,29,35,24,29,12,12,17,0,33,-60,-45,-52,-27,-29,-17,-17,-20,-34,-8,-12,-12,-27,-26,-35,-18,-30,-21,-25,-31,-38,-33,-38,-33,-89,-75,-124,-105,-109,-114,-125,-121,-120,-115,-104,-123,-118,-132,-134,-119,-120,-112,-120,-114,-139,-113,-137,-125,-171,-171,-168,-168,-179,-179,-198,-207,-422,-438,-500,-494,-483,-418,-572,-572,-543,-416,-416,-416,-416,-415,-396,-395,-408,-408,-403,-398,-523,-503,-453,-427]} 1. c4 b6 2. Nc3 Bb7 3. e4 e5 4. Nf3 Nc6 5. Be2 Bc5 6. a3 {A10: English Opening: Unusual Replies for Black} a5 {[#]} 7. Nxe5 $1 {[%mdl 576] Remove Defender, Decoy} Nxe5 8. d4 {[%mdl 64] Double Attack. White has an edge.} Bd6 9. dxe5 Bxe5 10. Qd3 Qh4 11. Nd5 (11. Be3 $14) 11... Nf6 $146 12. Nxf6+ Bxf6 13. Bf3 {Threatens to win with g3.} O-O {Strongly threatening ...Rae8.} 14. O-O $1 Rfe8 {[%cal Rb7e4]} 15. Re1 Be5 16. g3 Qf6 17. Rb1 Qd6 $36 {[%mdl 2048] Black fights for an advantage.} 18. Qc2 {[#]} f5 $1 {[%mdl 512]} 19. Bg5 (19. exf5 Bxf3) 19... Bc6 20. Rbd1 Qg6 21. Bc1 f4 22. Bg2 Rf8 23. b3 (23. c5 $15) 23... d6 24. a4 Rae8 25. Rd3 Re6 26. Rf3 {[%cal Rg3f4]} Ref6 27. gxf4 Bxf4 28. Bxf4 Rxf4 29. Rxf4 Rxf4 30. Re3 h5 {Played: Rf4-g4} 0-1

[Event "5th EKA IIFL Investment 2019"]
[Site "Mumbai"]
[Date "2020.01.01"]
[Round "3.3"]
[White "Ameir, Moheb"]
[Black "Taher, Yoseph Theolifus"]
[Result "0-1"]
[WhiteElo "2342"]
[BlackElo "2469"]
[Annotator "TA"]
[PlyCount "42"]
[EventDate "2019.12.30"]
[EventType "swiss"]
[EventCountry "IND"]
[SourceTitle "playchess.com"]
[Source "ChessBase"]
[SourceQuality "1"]

{[%evp 14,42,41,32,40,37,42,48,46,45,45,47,56,47,43,0,0,0,18,18,18,19,22,18,19,18,25,11,22,33,33]} 1. e4 c6 2. d4 d5 3. Nc3 dxe4 4. Nxe4 Nf6 5. Nxf6+ exf6 6. c3 Bd6 7. Bd3 O-O 8. Qc2 Re8+ {B15: Caro-Kann: 3 Nc3: 3...g6 and 3...dxe4 4 Nxe4 Nf6 5 Nxf6+ exf6} 9. Ne2 (9. Be3 h6 10. Ne2 Na6 11. O-O Nc7 12. c4 Bg4 13. h3 Bxe2 14. Bxe2 Ne6 15. Rad1 Qc7 16. Bg4 Rad8 17. Rfe1 Bf4 18. Bxf4 Nxf4 19. Rxe8+ Rxe8 {½-½ (58) Svidler,P (2756)-Carlsen,M (2839) Porto Carras 2018}) 9... f5 10. Bxf5 Bxf5 11. Qxf5 Nd7 {[%cal Bb8d7,Bd7b6,Bb6c4,Bc4b2][%mdl 32]} 12. Be3 Nb6 13. O-O Nc4 14. Ng3 (14. b3 $5 {[%cal Rb3c4]} g6 15. Qd3 Nxe3 16. fxe3 $11) 14... Bxg3 $1 15. hxg3 Qd5 16. Qxd5 cxd5 17. Rfe1 $146 Nxb2 18. Rab1 Na4 $1 19. Rxb7 Nxc3 20. Kf1 h6 21. Rc1 Rec8 {[%mdl 32768] Accuracy: White = 86%, Black = 77%. . Loss on time!?} 0-1

[Event "5th EKA IIFL Investment 2019"]
[Site "Mumbai"]
[Date "2020.01.01"]
[Round "3.4"]
[White "Mohammad Fahad, Rahman"]
[Black "Neverov, Valeriy"]
[Result "0-1"]
[WhiteElo "2294"]
[BlackElo "2460"]
[Annotator "TA"]
[PlyCount "86"]
[EventDate "2019.12.30"]
[EventType "swiss"]
[EventCountry "IND"]
[SourceTitle "playchess.com"]
[Source "ChessBase"]
[SourceQuality "1"]

{[%evp 17,86,29,29,24,35,23,27,18,42,44,47,18,30,16,10,-31,-35,-38,-12,-31,-18,-74,-62,-72,-67,-62,-8,-15,0,-43,0,-97,-103,-92,-28,-41,-58,-56,-48,-52,-32,-45,-22,-164,-26,-472,-377,-827,-820,-774,-740,-4994,-801,-775,-694,-689,-685,-676,-669,-630,-614,-698,-686,-735,-733,-725,-713,-12837,-12836,-1623,-1566]} 1. e4 c5 2. Nf3 d6 3. d4 cxd4 4. Nxd4 Nf6 5. Nc3 a6 6. Be3 e5 7. Nb3 Be6 8. f3 h5 9. Qd2 Nbd7 10. Nd5 {B90: Sicilian Najdorf: Unusual White 6th moves, 6 Be3 Ng4 and 6 Be3 e5} (10. O-O-O Be7 11. Bg5 b5 12. h4 Rc8 13. Kb1 O-O 14. a3 Re8 15. Be2 Qb6 16. Rhg1 Bf8 17. Nc1 Rc7 18. N1a2 Rec8 {0-1 (36) Inarkiev,E (2693)-Vidit,S (2707) Danzhou 2019}) 10... Bxd5 11. exd5 g6 12. O-O-O {White has an edge.} Qc7 13. Kb1 Bg7 14. c4 O-O 15. h3 a5 {[%cal Ba6a5,Ba5a4][%mdl 32]} 16. a3 $146 ({Predecessor:} 16. g4 a4 {½-½ (33) Kauppinen,M (2372)-Yordanov,N (2310) ICCF email 2010}) 16... a4 17. Na1 Nc5 18. g4 e4 19. g5 (19. f4 $11) 19... Nfd7 $17 20. f4 $1 Rfe8 21. Nc2 Nb3 (21... Nd3 $15 22. Bxd3 exd3 23. Qxd3 Rac8) 22. Qf2 $11 Ndc5 23. f5 gxf5 (23... Nd3 $5 24. Rxd3 exd3 25. Bxd3 Nc5 26. Bxc5 dxc5 $11) 24. Qxf5 {[#]} (24. Rg1 $11 {remains equal.}) 24... Re5 $1 $36 {[%cal Re5f5][%mdl 2048] Keeping White busy.} 25. Qf4 Nd3 ({Black should play} 25... Rae8 $17) 26. Bxd3 $11 exd3 27. Rxd3 Rae8 $1 28. c5 Nxc5 29. Bxc5 dxc5 30. d6 {[#]} (30. Rf1 $11 {and White has nothing to worry.}) 30... Qd7 (30... Qb6 $1 $19 31. Rhd1 Re2) 31. Ne3 $2 {[%mdl 8192]} (31. Rf1 $11 {and White is okay.}) 31... Re4 $19 32. Qf5 $2 {[#]} (32. Qf3 c4 33. Nxc4 Rxc4 34. g6 fxg6 35. Qd5+ Qf7 36. d7) 32... Qb5 $1 {[%csl Gg7][%cal Rb5b2][%mdl 576] Double Attack. Black is clearly winning.} 33. Rd2 Rxe3 34. Rhd1 Re1 {( -> ...Rxd1+)} 35. Qc2 Qb3 36. d7 {Strongly threatening Qxb3.} Rxd1+ 37. Rxd1 Qxc2+ 38. Kxc2 {[%mdl 4096] Endgame KRB-KR} Rd8 39. Rd5 Bd4 40. b4 axb3+ 41. Kxb3 Kf8 42. Rd6 Ke7 43. Rh6 Rh8 {Accuracy: White = 36%, Black = 50%.} 0-1

[Event "5th EKA IIFL Investment 2019"]
[Site "Mumbai"]
[Date "2020.01.01"]
[Round "3.5"]
[White "Mithil, Ajgaonkar"]
[Black "Mirzoev, Azer"]
[Result "1/2-1/2"]
[WhiteElo "2278"]
[BlackElo "2457"]
[Annotator "TA"]
[PlyCount "70"]
[EventDate "2019.12.30"]
[EventType "swiss"]
[EventCountry "IND"]
[SourceTitle "playchess.com"]
[Source "ChessBase"]
[SourceQuality "1"]

{[%evp 9,70,27,31,20,21,12,17,16,39,17,41,38,50,13,24,14,17,19,29,16,27,27,30,9,19,15,33,19,20,6,6,8,6,6,6,6,13,7,6,5,9,0,0,0,0,0,0,0,0,0,0,0,0,0,0,0,0,0,0,0,0,0,0]} 1. d4 d5 2. c4 c6 3. e3 Nf6 4. Nf3 a6 5. Bd3 Bg4 6. Nbd2 {D11: Slav Defence: 3 Nf3 sidelines and 3...Nf6 4 e3 Bg4} (6. O-O Nbd7 7. Nbd2 e5 8. cxd5 cxd5 9. dxe5 Nxe5 10. Be2 Nxf3+ 11. Nxf3 Bd6 12. b3 Bxf3 13. Bxf3 Be5 {½-½ (56) Mekhitarian,K (2558)-Andreikin,D (2741) Khanty-Mansiysk 2019}) 6... e6 7. b3 Be7 8. Bb2 Nbd7 9. O-O Bh5 10. Qc2 Bg6 11. e4 dxe4 12. Nxe4 Nxe4 13. Bxe4 O-O 14. Rad1 $146 ({Predecessor:} 14. Bxg6 hxg6 15. Rad1 {½-½ (24) Dinstuhl,V (2439)-Schandorff,L (2525) Germany 2003}) 14... Qc7 15. Bxg6 hxg6 16. Qe2 {next d5 is good for White.} Rfe8 17. Rd3 Rad8 18. Rfd1 Bf6 {The position is equal.} 19. Nd2 e5 {[#] And now ...exd4 would win.} 20. Ne4 exd4 21. Bxd4 Bxd4 22. Rxd4 Nf8 {White must now prevent ...Rxd4.} 23. Rxd8 Rxd8 24. Rxd8 Qxd8 25. Nc5 Qd4 26. Nxb7 Qa1+ $1 27. Qf1 Qxa2 28. Qd1 Ne6 29. h3 Qb2 30. Nc5 Nxc5 31. Qd8+ Kh7 32. Qh4+ Kg8 33. Qd8+ Kh7 34. Qh4+ Kg8 35. Qd8+ Kh7 {Accuracy: White = 54%, Black = 70%.} 1/2-1/2

[Event "5th EKA IIFL Investment 2019"]
[Site "Mumbai"]
[Date "2020.01.01"]
[Round "3.6"]
[White "Das, Sayantan"]
[Black "Srihari, L R"]
[Result "1-0"]
[WhiteElo "2440"]
[BlackElo "2271"]
[Annotator "TA"]
[PlyCount "51"]
[EventDate "2019.12.30"]
[EventType "swiss"]
[EventCountry "IND"]
[SourceTitle "playchess.com"]
[Source "ChessBase"]
[SourceQuality "1"]

{[%evp 9,80,-33,-20,-33,-34,-37,-13,-49,0,-31,17,8,43,-7,63,37,93,86,85,84,75,66,1210,153,158,150,166,150,168,156,152,139,157,89,88,83,182,178,187,179,267,264,355,345,351,351,437,439,443,441,456,452,483,506,504,499,497,486,584,574,582,575,575,575,563,569,1029,1015,1050,1036,1012,992,992]} 1. e4 c6 2. Nc3 d5 3. Qf3 d4 (3... dxe4 4. Nxe4 Nf6 5. Nxf6+ exf6 6. Bc4 Bd6 7. Ne2 O-O 8. d4 Re8 9. O-O Nd7 10. Bf4 Nf8 11. Rad1 Ne6 12. Bc1 Qc7 13. h3 Ng5 14. Bxg5 fxg5 15. Nc3 Be6 16. d5 cxd5 17. Bxd5 Bxd5 18. Nxd5 Qxc2 {½-½ (40) Ismagambetov,A (2528)-Predke,A (2676) Moscow 2019}) 4. Nce2 e5 5. Qg3 Nd7 6. d3 {B11: Caro-Kann: Two Knights Variation} Ngf6 7. a3 Nh5 8. Qf3 {The position is equal.} Nhf6 9. g4 Nc5 10. g5 Nfd7 (10... Bg4 $2 11. Qg3 $18) 11. h4 Be7 $146 ({Black should play} 11... Bd6 $11) 12. Qg3 (12. Bh3 {seems wilder.} Bd6 13. Qg3 Qc7 14. f4 Nf8 15. Bxc8 exf4 16. Bxf4 Bxf4 17. Qxf4 Qxf4 18. Nxf4 Rxc8 19. Nf3) 12... Qa5+ {[#]} (12... Ne6 $14) 13. Bd2 $1 $16 {[%cal Rd2a5]} (13. b4 $6 Qa4 $11) 13... Qb6 14. b4 Ne6 15. Bh3 Qc5 $2 {[%mdl 8192]} (15... a5 $14) 16. g6 $2 (16. bxc5 $18 {and the rest is easy.} Nexc5 17. Nf3) 16... Qd6 17. gxf7+ Kxf7 18. Nf3 ({Don't take} 18. Qg4 $6 Nf6 $14) 18... Re8 19. Rg1 {[#] Black must now prevent Bxe6+.} Bf6 20. Bg5 $36 {[%mdl 2048] White is really pushing.} Qf8 21. Bf5 (21. Bxf6 $142 gxf6 22. Nd2 (22. Qg4 Qh6 $14)) 21... Kg8 22. Qg4 Qf7 (22... Qe7 $16) 23. Bxf6 $18 Nxf6 24. Nxe5 Qc7 (24... Nxg4 {was worth a try.} 25. Nxf7 Nh2) 25. Qg3 Nf8 26. Ng4 {Played: Ne5-d7} 1-0

[Event "5th EKA IIFL Investment 2019"]
[Site "Mumbai"]
[Date "2020.01.01"]
[Round "3.7"]
[White "Ziatdinov, Raset"]
[Black "Mendonca, Leon Luke"]
[Result "0-1"]
[WhiteElo "2204"]
[BlackElo "2398"]
[Annotator "TA"]
[PlyCount "41"]
[EventDate "2019.12.30"]
[EventType "swiss"]
[EventCountry "IND"]
[SourceTitle "playchess.com"]
[Source "ChessBase"]
[SourceQuality "1"]

{[%evp 13,41,0,0,-17,-25,-13,7,0,0,-7,0,-28,-33,-38,-39,-43,-30,-60,-39,-113,-96,-106,-104,-97,-73,-185,-195,-223,-123,-156]} 1. e4 c5 2. Nf3 d6 3. d4 cxd4 4. Nxd4 Nf6 5. Nc3 a6 6. Bg5 e6 7. Qe2 Be7 8. h4 {B95: Sicilian Najdorf: 6 Bg5 e6, unusual White 7th moves} (8. f4 h6 9. Bxf6 Bxf6 10. O-O-O Qc7 11. Qd2 Bd7 12. Kb1 b5 13. g4 b4 14. Nce2 Nc6 15. Nf3 Be7 16. h4 a5 {½-½ (48) Jobava,B (2669)-Yilmaz,M (2622) Izmir 2016}) 8... b5 9. a3 Bb7 10. O-O-O {The position is equal.} Nbd7 {[%cal Bb8d7,Bd7e5,Be5c4][%mdl 32]} 11. Rh3 Rc8 12. Bd2 $146 ({Predecessor:} 12. Qe1 h6 13. Bd2 Qb6 14. Nb3 b4 15. axb4 Qxb4 {1-0 (61) Ziatdinov,R (2248)-Erigaisi,A (2548) Chennai 2019}) 12... Qb6 13. Be1 h5 14. f3 Ne5 15. Rg3 g6 16. f4 (16. Kb1 $15) 16... Nc4 $36 {[%mdl 2048] Keeping White busy.} 17. Rgd3 e5 18. Nb3 O-O 19. Nd5 (19. f5 $17) 19... Bxd5 $19 20. exd5 e4 ({Black should play} 20... Ng4 $19 {White must now prevent ...Bf6.} 21. fxe5 dxe5) 21. Rd4 {Accuracy: White = 29%, Black = 62%.} 0-1

[Event "5th EKA IIFL Investment 2019"]
[Site "Mumbai"]
[Date "2020.01.01"]
[Round "3.8"]
[White "Gandhi, Anish"]
[Black "Czebe, Attila"]
[Result "0-1"]
[WhiteElo "2168"]
[BlackElo "2374"]
[Annotator "TA"]
[PlyCount "30"]
[EventDate "2019.12.30"]
[EventType "swiss"]
[EventCountry "IND"]
[SourceTitle "playchess.com"]
[Source "ChessBase"]
[SourceQuality "1"]

{[%evp 9,30,32,35,12,58,41,43,24,42,28,33,22,36,30,38,-77,-62,-52,-72,-73,-72,-112,-116]} 1. e4 d6 2. d4 Nf6 3. Nc3 e5 4. Nf3 Nbd7 5. Be2 Be7 6. g4 {C41: Philidor Defence} O-O 7. g5 Ne8 8. Be3 {White is slightly better.} (8. h4 c6 9. a4 Nc7 10. Be3 a6 11. a5 Nb5 12. Qd2 Re8 13. Nxb5 axb5 {½-½ (55) Amin,B (2654)-Jobava,B (2705) Al Ain 2013}) 8... c6 9. Qd2 b5 $146 {[%cal Bb7b5,Bb5b4][%mdl 32]} ({Predecessor:} 9... Nc7 10. O-O-O b5 11. Bd3 b4 12. Ne2 a5 13. h4 Bb7 {1-0 (24) Savchenko,D (2047)-Krueger,A (2053) Germany 2017}) 10. a3 Bb7 11. h4 a5 12. h5 (12. dxe5 $14 {keeps the upper hand.} dxe5 13. O-O-O) 12... b4 $17 {Hoping for ...exd4.} 13. Na4 exd4 $1 14. Qxd4 c5 15. Qc4 Bc6 {Accuracy: White = 51%, Black = 69%.} 0-1

[Event "5th EKA IIFL Investment 2019"]
[Site "Mumbai"]
[Date "2020.01.01"]
[Round "3.9"]
[White "Konguvel, Ponnuswamy"]
[Black "Vaibhav, Suri"]
[Result "0-1"]
[WhiteElo "2367"]
[BlackElo "2597"]
[Annotator "TA"]
[PlyCount "48"]
[EventDate "2019.12.30"]
[EventType "swiss"]
[EventCountry "IND"]
[SourceTitle "playchess.com"]
[Source "ChessBase"]
[SourceQuality "1"]

{[%evp 12,48,28,12,18,20,20,11,22,4,7,-8,12,0,0,-139,-18,-135,-35,-57,-57,-91,0,0,-2,-66,-56,-59,-54,-55,-50,-67,-67,-65,-74,-82,-56,-114,-96]} 1. e4 c5 2. Nf3 d6 3. d4 cxd4 4. Nxd4 Nf6 5. Nc3 a6 6. Bg5 Nbd7 7. Bc4 Qb6 {B94: Sicilian Najdorf: 6 Bg5 Nbd7} 8. Bb3 e6 9. Qd2 Be7 {The position is equal.} 10. O-O-O Nc5 11. Rhe1 {Threatens to win with Nf5!} h6 12. Bh4 {Black should prevent Nf5!} O-O $36 {[%mdl 2048] Black is pushing.} 13. f3 $146 (13. g3 $11 {remains equal.}) ({Predecessor:} 13. Qe3 Qc7 14. g4 Nfxe4 15. Bxe7 Nxc3 16. bxc3 Qxe7 {1-0 (59) Azarov,S (2585)-Grandelius,N (2694) Skopje 2019}) 13... Qc7 (13... Nfxe4 $1 $17 14. Nxe4 Bxh4) 14. f4 (14. Bg3 $11) 14... Re8 ({Black should try} 14... Nfxe4 $17 15. Nxe4 Bxh4) 15. e5 dxe5 16. fxe5 {[#]} Nfd7 ({Better is} 16... Nfe4 $1 $17 {[%cal Re4d2]} 17. Rxe4 (17. Nxe4 Bxh4 18. Nd6 Rd8 $17) 17... Nxe4 18. Nxe4 Bxh4) 17. Bxe7 $11 Rxe7 18. Nf3 ({White should play} 18. Qe3 $11) 18... b5 $15 19. Qd6 Nf8 20. Ne4 Nxe4 21. Rxe4 Bb7 22. Re3 Bxf3 23. Rxf3 Qa7 {And now ...Rd7 would win.} 24. c3 (24. Qd4 $15) 24... Rd7 {Accuracy: White = 32%, Black = 48%.} 0-1

[Event "5th EKA IIFL Investment 2019"]
[Site "Mumbai"]
[Date "2020.01.01"]
[Round "3.10"]
[White "Aleksandrov, Aleksej"]
[Black "Muthaiah AL"]
[Result "1/2-1/2"]
[WhiteElo "2592"]
[BlackElo "2363"]
[Annotator "TA"]
[PlyCount "29"]
[EventDate "2019.12.30"]
[EventType "swiss"]
[EventCountry "IND"]
[SourceTitle "playchess.com"]
[Source "ChessBase"]
[SourceQuality "1"]

{[%evp 26,29,27,21,25,17]} 1. d4 Nf6 2. c4 e6 3. Nc3 d5 4. cxd5 exd5 5. Bg5 c6 6. e3 Be7 7. Bd3 Nbd7 {[%cal Bb8d7,Bd7f8,Bf8e6][%mdl 32]} 8. h3 O-O 9. Qc2 Re8 10. Nf3 Nf8 11. O-O g6 12. Rab1 a5 13. a3 Ne6 14. Bh4 {[#]} Nd7 $146 {D36: Queen's Gambit Declined: Exchange Variation: Main line (5 Bg5 c6 6 Qc2)} ({Predecessor:} 14... Ng7 15. b4 axb4 16. axb4 Bf5 17. Bxf5 Nxf5 18. Bxf6 Bxf6 19. b5 Qa5 20. bxc6 bxc6 21. Ne2 Rec8 22. Rfc1 Nd6 23. Nd2 Bg5 24. Qd3 Qa6 25. Qxa6 Rxa6 26. Rc2 {½-½ (26) Bologan,V (2686)-Onischuk,A (2670) Poikovsky 2008}) 15. Bg3 1/2-1/2

[Event "5th EKA IIFL Investment 2019"]
[Site "Mumbai"]
[Date "2020.01.01"]
[Round "3.11"]
[White "Harshavardhan G B"]
[Black "Yakubboev, Nodirbek"]
[Result "1-0"]
[WhiteElo "2344"]
[BlackElo "2592"]
[Annotator "TA"]
[PlyCount "41"]
[EventDate "2019.12.30"]
[EventType "swiss"]
[EventCountry "IND"]
[SourceTitle "playchess.com"]
[Source "ChessBase"]
[SourceQuality "1"]

{[%evp 17,41,4,17,6,52,54,51,30,29,24,40,48,52,38,44,43,84,89,112,52,62,56,54,41,48,24]} 1. d4 d5 2. c4 Nc6 3. Nc3 Nf6 4. Nf3 dxc4 5. e4 Bg4 6. Be3 e6 7. Bxc4 Bb4 8. Qc2 O-O 9. Rd1 Qe7 10. Be2 {D07: Queen's Gambit: Chigorin Defence} Rfd8 11. O-O Ba5 12. Na4 Bb6 13. Nxb6 axb6 14. a3 Bh5 {[#]} 15. Rfe1 $146 ({Predecessor:} 15. h3 Rd7 16. Rd2 Bg6 17. Bd3 b5 {1-0 (26) Piket,J (2630)-Kraut,R (2470) Germany 1998}) 15... Bg6 16. Bd3 Ng4 17. Bf4 {Black must now prevent d5!} e5 18. dxe5 (18. Bg5 $16 f6 19. d5) 18... Ngxe5 {White is slightly better.} 19. Nxe5 Nxe5 20. Bf1 f6 21. Bd2 {[%mdl 32768] Accuracy: White = 58%, Black = 74%. . Loss on time!?} 1-0

[Event "5th EKA IIFL Investment 2019"]
[Site "Mumbai"]
[Date "2020.01.01"]
[Round "3.12"]
[White "Bharat Kumar Reddy Poluri"]
[Black "Tukhaev, Adam"]
[Result "0-1"]
[WhiteElo "2337"]
[BlackElo "2552"]
[Annotator "TA"]
[PlyCount "59"]
[EventDate "2019.12.30"]
[EventType "swiss"]
[EventCountry "IND"]
[SourceTitle "playchess.com"]
[Source "ChessBase"]
[SourceQuality "1"]

{[%evp 21,59,-7,-13,-23,-20,-29,-22,-29,-24,-56,-33,-55,-50,-54,-26,-39,-25,-54,-23,-49,-52,-112,-133,-255,-259,-253,-285,-391,-360,-383,-374,-391,-347,-379,-355,-605,-649,-615,186,-621]} 1. e4 c5 2. Nf3 d6 3. d4 cxd4 4. Nxd4 Nf6 5. Nc3 g6 6. Be2 Bg7 7. O-O O-O 8. Be3 Nc6 9. Nb3 b6 10. f4 Bb7 11. Bf3 Nd7 12. Rb1 {B74: Sicilian Dragon: Classical System with 9 Nb3} Rc8 13. Rf2 {[#]} Bxc3 $146 ({Predecessor:} 13... Nc5 14. Kh1 Nb8 15. Bd4 e5 16. Be3 Bh6 17. Qd2 exf4 18. Bxf4 Bxf4 19. Qxf4 Qe7 {½-½ (66) Thipsay,P (2450)-Bacrot,E (2555) Elista 1998}) 14. bxc3 {The position is equal.} Ncb8 {[%cal Bc6b8,Bb8d7,Bd7c5][%mdl 32]} 15. Bd2 Nc5 16. Qe1 Nbd7 17. Re2 e5 18. f5 Kh8 {...gxf5 is the strong threat.} 19. Bg4 Rc7 20. Nxc5 Nxc5 21. h4 (21. Rd1 $15) 21... Rg8 22. f6 (22. fxg6 $17 hxg6 23. Bf3) 22... Qxf6 $19 23. Bg5 Qg7 24. Qf1 {[#] Hoping for Bf6.} f5 $1 {[%mdl 512]} 25. exf5 gxf5 26. Bxf5 {intending Rf2.} Rf7 27. Rf2 Rgf8 28. Rd1 $2 (28. Be3) 28... Ne4 29. Bxe4 Bxe4 $4 {[%mdl 8192] [#]} (29... Rxf2 $19 {avoids the disaster.} 30. Qc4 b5 $1 {[%mdl 512]}) 30. Rxd6 $4 {[%mdl 8192] Accuracy: White = 24%, Black = 66%.} (30. Bh6 $1 $18 {[%mdl 512]} Qxh6 31. Rxf7) 0-1

[Event "5th EKA IIFL Investment 2019"]
[Site "Mumbai"]
[Date "2020.01.01"]
[Round "3.13"]
[White "Girinath, P.D.S."]
[Black "David, Alberto"]
[Result "1-0"]
[WhiteElo "2330"]
[BlackElo "2545"]
[Annotator "TA"]
[PlyCount "30"]
[EventDate "2019.12.30"]
[EventType "swiss"]
[EventCountry "IND"]
[SourceTitle "playchess.com"]
[Source "ChessBase"]
[SourceQuality "1"]

{[%evp 9,30,0,0,0,0,4,0,-7,4,-10,-19,-5,2,17,18,-50,-48,-67,-61,-67,-56,-61,-54]} 1. e4 c5 2. Nf3 e6 3. b3 a6 (3... b6 4. Bb2 Bb7 5. Qe2 Nc6 6. g3 Nf6 7. Bg2 d6 8. O-O e5 9. Nc3 g6 10. Nd5 Bg7 11. c4 O-O 12. d3 Bc8 13. h3 {½-½ (63) Akopian,V (2650)-Inarkiev,E (2693) St Petersburg 2018}) 4. Bd3 Nc6 5. O-O d6 6. c3 {B40: Sicilian: 2...e6, Unusual lines} g5 $146 ({Predecessor:} 6... Nf6 7. Bc2 d5 8. d3 d4 9. e5 Nd7 10. Re1 Be7 11. Bb2 {0-1 (40) Cantin Zaborras,V (2125)-Adla,D (2470) Aragon 2007}) 7. Be2 Bg7 (7... g4 $5 8. Ne1 $8 Nf6 $11) 8. Bb2 {The position is equal.} e5 9. Na3 g4 10. Ne1 Nf6 11. d3 h5 12. Nc4 (12. Bc1 $11) 12... d5 $36 {[%mdl 2048] Black is slightly better. Black has good play.} 13. Ne3 Be6 ({Reject} 13... dxe4 $6 14. dxe4 Nxe4 15. Qxd8+ Nxd8 16. Nd5 $11) 14. f3 d4 15. cxd4 cxd4 {[%mdl 32768] Accuracy: White = 58%, Black = 96%. . Loss on time!?} 1-0

[Event "5th EKA IIFL Investment 2019"]
[Site "Mumbai"]
[Date "2020.01.01"]
[Round "3.14"]
[White "Gholami, Aryan"]
[Black "Sahoo, Utkal Ranjan"]
[Result "1-0"]
[WhiteElo "2541"]
[BlackElo "2329"]
[Annotator "TA"]
[PlyCount "25"]
[EventDate "2019.12.30"]
[EventType "swiss"]
[EventCountry "IND"]
[SourceTitle "playchess.com"]
[Source "ChessBase"]
[SourceQuality "1"]

{[%evp 9,52,0,0,0,2,0,0,0,-4,2,28,54,187,89,140,98,468,66,558,549,629,308,308,302,296,302,295,308,311,308,303,304,301,290,272,275,250,186,202,114,110,112,270,254,274]} 1. d4 d5 2. Bf4 Nf6 3. e3 c5 4. Nf3 Nc6 5. Nbd2 Qb6 {[%cal Rc5d4]} (5... cxd4 6. exd4 Qb6 7. Nb3 Bf5 8. Be2 e6 9. O-O Be7 10. a4 a6 11. a5 Qd8 12. Ne5 Rc8 {1-0 (41) Carlsen,M (2872)-Kramnik,V (2753) Moscow 2019}) 6. dxc5 {D02: 1 d4 d5 2 Nf3 sidelines, including 2...Nf6 3 g3 and 2...Nf6 3 Bf4} Qxb2 7. Rb1 Qc3 8. Bb5 {The position is equal.} e6 9. O-O Qxc5 10. c4 {Strongly threatening Ne5.} Bd7 {[#]} (10... Be7 $14) 11. Ba4 (11. cxd5 $1 $18 {and White stays clearly on top.} exd5 12. Ba4) 11... Nd8 $146 ({Predecessor:} 11... O-O-O 12. Qc2 a6 {1-0 (29) Kovacevic,A (2480)-Kouskoutis,G (2273) Kavala 2019}) 12. Ne5 $36 {[%mdl 2048] White has strong initiative.} Be7 $2 {[%mdl 8192]} (12... Bxa4 $16 13. Qxa4+ b5 14. Rxb5 Qa3 15. Qxa3 Bxa3) 13. Nxd7 {Played: Nd2-e4} 1-0